[Event "Pere Noel U1800"]
[Site "Montreal CAN"]
[Date "2012.12.30"]
[Round "5.24"]
[White "Robert-Ouimet, Jean-Simon"]
[Black "Ollivier, Laurent"]
[Result "0-1"]
[WhiteElo "963"]
[BlackElo "1464"]
[PlyCount "90"]
[GameId "2160767909411199"]
[EventDate "2012.12.26"]
[EventType "swiss"]
[EventRounds "5"]
[EventCountry "CAN"]
[SourceTitle "EXT 2022"]
[Source "ChessBase"]
[SourceDate "2021.10.06"]
[SourceVersion "1"]
[SourceVersionDate "2021.10.06"]
[SourceQuality "1"]

1. e4 e5 2. Nf3 Nc6 3. Bc4 Bc5 4. Nc3 Nf6 5. O-O d6 6. h3 O-O 7. Re1 a6 8. a4 Qe7 9. Nd5 Nxd5 10. Bxd5 Be6 11. Bxe6 Qxe6 12. d3 f5 13. Be3 Bxe3 14. Rxe3 f4 15. Re1 h6 16. Kh2 Kf7 17. d4 exd4 18. Nxd4 Qd7 19. f3 Ne5 20. Nf5 Kg6 21. b3 Kh7 22. Qd2 g6 23. Nh4 Qd8 24. Qf2 b6 25. Rad1 Qf6 26. Rd2 Rg8 27. Red1 Rad8 28. a5 Rb8 29. axb6 Rxb6 30. Ra1 c5 31. Ra3 Rc6 32. Rd1 Ra8 33. Rf1 a5 34. g3 g5 35. Nf5 Ng6 36. Rg1 Ne7 37. g4 Nc8 38. c4 Qc3 39. Re1 Rb8 40. Rea1 Rxb3 41. Rxa5 Rb2 42. Qxb2 Qxb2+ 43. Kh1 Rb6 44. Ra8 Rb8 45. R1a6 Qb1+ 0-1

[Event "Pere Noel U1800"]
[Site "Montreal CAN"]
[Date "2012.12.30"]
[Round "5.25"]
[White "Utepova, Alika"]
[Black "Bergeron, Jean-Guy"]
[Result "1-0"]
[WhiteElo "1409"]
[BlackElo "1557"]
[PlyCount "57"]
[GameId "2160767909411200"]
[EventDate "2012.12.26"]
[EventType "swiss"]
[EventRounds "5"]
[EventCountry "CAN"]
[SourceTitle "EXT 2022"]
[Source "ChessBase"]
[SourceDate "2021.10.06"]
[SourceVersion "1"]
[SourceVersionDate "2021.10.06"]
[SourceQuality "1"]

1. e4 Nc6 2. d4 e5 3. dxe5 Nxe5 4. f4 Ng6 5. Nf3 Bc5 6. Nc3 a6 7. Qd3 d6 8. Be3 Bxe3 9. Qxe3 Nf6 10. h3 O-O 11. O-O-O Nh5 12. f5 Nh4 13. g4 Ng3 14. Rg1 Nxf3 15. Qxf3 Qg5+ 16. Kb1 Nxf1 17. Rdxf1 Bd7 18. Qg3 Bc6 19. h4 Qf6 20. g5 Qd4 21. Rf4 Qe5 22. f6 g6 23. h5 b5 24. Qh4 b4 25. Rh1 h6 26. hxg6 Qxg5 27. g7 Qxh4 28. Rfxh4 bxc3 29. Rxh6 1-0

[Event "Pere Noel U1800"]
[Site "Montreal CAN"]
[Date "2012.12.30"]
[Round "5.26"]
[White "Steinberg, Ellis"]
[Black "Bedard, Michel"]
[Result "0-1"]
[WhiteElo "1519"]
[BlackElo "1640"]
[PlyCount "103"]
[GameId "2160767909411201"]
[EventDate "2012.12.26"]
[EventType "swiss"]
[EventRounds "5"]
[EventCountry "CAN"]
[SourceTitle "EXT 2022"]
[Source "ChessBase"]
[SourceDate "2021.10.06"]
[SourceVersion "1"]
[SourceVersionDate "2021.10.06"]
[SourceQuality "1"]

1. e4 e5 2. Nf3 Nf6 3. d3 Nc6 4. c3 Be7 5. g3 d6 6. Bg2 h6 7. O-O Be6 8. d4 exd4 9. cxd4 Bg4 10. h3 Bxf3 11. Bxf3 Qd7 12. Bg2 O-O-O 13. Qa4 Kb8 14. Be3 d5 15. e5 Nxe5 16. Qb3 Nc4 17. Nc3 Nxe3 18. fxe3 c6 19. a4 Qc7 20. a5 a6 21. Na4 Qxg3 22. Rf3 Qc7 23. Nb6 Rhf8 24. Bf1 Ka7 25. Rc1 Qd6 26. Bxa6 Qb4 27. Qa2 Kxa6 28. Ra1 Ne4 29. b3 Ng5 30. Rg3 Bd6 31. Rg2 Nxh3+ 32. Kh1 Ng5 33. Qc2 Rfe8 34. Qc1 Re4 35. Ra4 Rh4+ 36. Kg1 Nh3+ 37. Kf1 Qb5+ 38. Ke1 Bb4+ 39. Rxb4 Qxb4+ 40. Kf1 Ng5 41. Kf2 Qe7 42. Na4 Qf6+ 43. Ke2 Qf3+ 44. Kd3 Qxg2 45. Qc5 Qf1+ 46. Kc3 Qc1+ 47. Kb4 Qxc5+ 48. Nxc5+ Ka7 49. Ka4 Rh3 50. b4 Ne6 51. b5 Nxc5+ 52. dxc5 0-1

[Event "Pere Noel U1800"]
[Site "Montreal CAN"]
[Date "2012.12.30"]
[Round "5.27"]
[White "Ouellet, Maili-Jade"]
[Black "Baran, Marius"]
[Result "0-1"]
[WhiteElo "1399"]
[BlackElo "1661"]
[PlyCount "54"]
[GameId "2160767909411202"]
[EventDate "2012.12.26"]
[EventType "swiss"]
[EventRounds "5"]
[EventCountry "CAN"]
[SourceTitle "EXT 2022"]
[Source "ChessBase"]
[SourceDate "2021.10.06"]
[SourceVersion "1"]
[SourceVersionDate "2021.10.06"]
[SourceQuality "1"]

1. d4 d5 2. c4 e6 3. Nc3 Nf6 4. Bg5 Be7 5. e3 O-O 6. Nf3 h6 7. Bh4 Ne4 8. Bxe7 Qxe7 9. Qc2 Nxc3 10. bxc3 b6 11. Rb1 dxc4 12. Bxc4 Bb7 13. a4 Nd7 14. a5 Qa3 15. axb6 axb6 16. O-O Ra5 17. Rb3 Qd6 18. e4 Rfa8 19. Rb5 Qf4 20. Nd2 Nf6 21. f3 Qe3+ 22. Kh1 Bc6 23. Rxa5 Rxa5 24. Bd3 Ba4 25. Qb1 Qxd2 26. c4 Nh5 27. g3 Nxg3+ 0-1

[Event "Pere Noel U1800"]
[Site "Montreal CAN"]
[Date "2012.12.30"]
[Round "5.28"]
[White "Couture, Gerard"]
[Black "Ptitsyn, Ihor"]
[Result "1-0"]
[WhiteElo "1627"]
[BlackElo "1519"]
[PlyCount "67"]
[GameId "2160767909411203"]
[EventDate "2012.12.26"]
[EventType "swiss"]
[EventRounds "5"]
[EventCountry "CAN"]
[SourceTitle "EXT 2022"]
[Source "ChessBase"]
[SourceDate "2021.10.06"]
[SourceVersion "1"]
[SourceVersionDate "2021.10.06"]
[SourceQuality "1"]

1. e4 e6 2. d4 d5 3. Nc3 Bb4 4. e5 c5 5. Bd2 cxd4 6. Nb5 Bf8 7. Qg4 Nc6 8. f4 Nh6 9. Qh3 a6 10. Nd6+ Bxd6 11. exd6 Qxd6 12. Nf3 Nf5 13. Bd3 Ne3 14. Nxd4 Nxd4 15. Qxe3 Nc6 16. O-O-O b5 17. Qg3 g6 18. h4 Bb7 19. Qf2 Ne7 20. Qd4 Rg8 21. g4 Nc6 22. Qb6 Rb8 23. Qf2 Rc8 24. Rhe1 f6 25. Bc3 Kf7 26. f5 e5 27. fxg6+ hxg6 28. g5 d4 29. Rf1 Qe6 30. Qg2 f5 31. Be4 dxc3 32. Bd5 cxb2+ 33. Kxb2 e4 34. Qxe4 1-0

[Event "Pere Noel U1800"]
[Site "Montreal CAN"]
[Date "2012.12.30"]
[Round "5.29"]
[White "Kay, Sang Kill"]
[Black "Yip, William"]
[Result "1-0"]
[WhiteElo "1515"]
[BlackElo "1584"]
[PlyCount "97"]
[GameId "2160767909411204"]
[EventDate "2012.12.26"]
[EventType "swiss"]
[EventRounds "5"]
[EventCountry "CAN"]
[SourceTitle "EXT 2022"]
[Source "ChessBase"]
[SourceDate "2021.10.06"]
[SourceVersion "1"]
[SourceVersionDate "2021.10.06"]
[SourceQuality "1"]

1. e4 c5 2. Nf3 d6 3. Bc4 Nc6 4. d4 cxd4 5. Nxd4 Nf6 6. Nc3 Qb6 7. Nxc6 bxc6 8. O-O e6 9. b3 Be7 10. Bb2 O-O 11. Kh1 Qc7 12. Bd3 a6 13. f4 Bb7 14. Ne2 Nd7 15. Rf3 Bf6 16. c3 e5 17. fxe5 Nxe5 18. Rg3 Nxd3 19. Qxd3 Rad8 20. Nf4 Be5 21. Rf1 d5 22. Bc1 dxe4 23. Qxe4 Rfe8 24. Rh3 g6 25. Nh5 f5 26. Qc4+ Qf7 27. Qxf7+ Kxf7 28. Ng3 Kg8 29. Ne2 Bxh2 30. Bg5 Rd7 31. Nc1 Bc7 32. Rd3 Rxd3 33. Nxd3 Bb6 34. b4 a5 35. Rd1 Bd8 36. Bf4 axb4 37. cxb4 Bf6 38. Nc5 Bc8 39. Rd6 Bc3 40. a3 g5 41. Bh2 Kg7 42. Bg1 Re1 43. Rd8 Be5 44. Rxc8 Bg3 45. Nd3 Rd1 46. Rd8 Bf2 47. Rd7+ Kh6 48. Rd6+ Kh5 49. Nf4+ 1-0

[Event "Quebec op"]
[Site "Montreal CAN"]
[Date "2012.07.21"]
[Round "1"]
[White "Arencibia Rodriguez, Walter"]
[Black "Calugar, Arthur"]
[Result "1-0"]
[WhiteElo "2526"]
[BlackElo "2273"]
[PlyCount "77"]
[GameId "2160767909441893"]
[EventDate "2012.07.21"]
[EventType "swiss"]
[EventRounds "9"]
[EventCountry "CAN"]
[SourceTitle "CBM 149 Extra"]
[Source "ChessBase"]
[SourceDate "2012.08.24"]
[SourceVersion "1"]
[SourceVersionDate "2012.08.24"]
[SourceQuality "1"]

1. d4 d5 2. c4 c6 3. Nc3 Nf6 4. Nf3 a6 5. c5 Nbd7 6. Bf4 Nh5 7. Bg5 h6 8. Bd2 Nhf6 9. Qc2 g6 10. g3 Bg7 11. Bg2 O-O 12. O-O Ne8 13. Rad1 Nc7 14. Rfe1 f5 15. Na4 Ne6 16. Bc3 Qe8 17. Qb3 Qf7 18. Nb6 Nxb6 19. Qxb6 f4 20. e3 fxg3 21. fxg3 Ng5 22. Nxg5 hxg5 23. Rf1 Bf6 24. Rd2 Bf5 25. Qxb7 Qe6 26. Re1 Rfb8 27. Qc7 a5 28. g4 Bxg4 29. e4 dxe4 30. Rxe4 Qf5 31. Qg3 Bh5 32. Re1 Rc8 33. d5 cxd5 34. Bxd5+ Kh7 35. Rf1 Qg4 36. Qxg4 Bxg4 37. Bxf6 exf6 38. Bxa8 Rxa8 39. Rxf6 1-0

[Event "Quebec op"]
[Site "Montreal CAN"]
[Date "2012.07.21"]
[Round "1"]
[White "Arsenault, Nicolas"]
[Black "Ye, Stephen"]
[Result "1-0"]
[WhiteElo "2106"]
[BlackElo "1913"]
[PlyCount "49"]
[GameId "2160767909441894"]
[EventDate "2012.07.21"]
[EventType "swiss"]
[EventRounds "9"]
[EventCountry "CAN"]
[SourceTitle "EXT 2022"]
[Source "ChessBase"]
[SourceDate "2021.10.06"]
[SourceVersion "1"]
[SourceVersionDate "2021.10.06"]
[SourceQuality "1"]

1. e4 c5 2. Nf3 Nc6 3. Bb5 g6 4. Bxc6 dxc6 5. d3 Bg7 6. h3 Nf6 7. Nc3 O-O 8. Be3 b6 9. Qd2 Re8 10. O-O e5 11. Rae1 Nd7 12. Nh2 Nf8 13. f4 exf4 14. Bxf4 Ne6 15. Bg3 Nd4 16. e5 Nf5 17. Bf4 Bxe5 18. Rxe5 Qd4+ 19. Kh1 Rxe5 20. Nf3 Re2 21. Nxe2 Qxb2 22. Be5 Qxa2 23. g4 Ng7 24. Qh6 Ne8 25. Nc3 1-0

[Event "Quebec op"]
[Site "Montreal CAN"]
[Date "2012.07.21"]
[Round "1"]
[White "Auger, Bertrand"]
[Black "Khashper, Arkady"]
[Result "1/2-1/2"]
[WhiteElo "1928"]
[BlackElo "2113"]
[PlyCount "83"]
[GameId "2160767909441895"]
[EventDate "2012.07.21"]
[EventType "swiss"]
[EventRounds "9"]
[EventCountry "CAN"]
[SourceTitle "EXT 2022"]
[Source "ChessBase"]
[SourceDate "2021.10.06"]
[SourceVersion "1"]
[SourceVersionDate "2021.10.06"]
[SourceQuality "1"]

1. Nf3 Nf6 2. g3 c5 3. c4 Nc6 4. Nc3 g6 5. Bg2 Bg7 6. d4 cxd4 7. Nxd4 O-O 8. Nc2 d6 9. O-O Qa5 10. Nd5 Nxd5 11. cxd5 Ne5 12. Bd2 Qb6 13. Bc3 Bd7 14. Bd4 Qa6 15. b3 Rfc8 16. Ne3 Rc7 17. Qd2 Rac8 18. f4 Ng4 19. Bxg7 Kxg7 20. Qd4+ Kg8 21. Bf3 Nxe3 22. Qxe3 Bh3 23. Rfd1 Rc3 24. Qd4 Rc2 25. a4 R8c3 26. Rd2 Rc1+ 27. Rxc1 Rxc1+ 28. Kf2 Rf1+ 29. Ke3 Rb1 30. Rd3 Rc1 31. g4 Qa5 32. Rd2 Rb1 33. Kf2 f5 34. g5 Rxb3 35. Rc2 Qb6 36. Rc8+ Kf7 37. Qxb6 Rxb6 38. Rh8 Kg7 39. Re8 Kf7 40. Rh8 Kg7 41. Re8 Kf7 42. Rh8 1/2-1/2

[Event "Quebec op"]
[Site "Montreal CAN"]
[Date "2012.07.21"]
[Round "1"]
[White "Barre, Michel"]
[Black "Lopez Linares, Lizandro"]
[Result "0-1"]
[WhiteElo "1882"]
[BlackElo "2096"]
[PlyCount "134"]
[GameId "2160767909441896"]
[EventDate "2012.07.21"]
[EventType "swiss"]
[EventRounds "9"]
[EventCountry "CAN"]
[SourceTitle "EXT 2022"]
[Source "ChessBase"]
[SourceDate "2021.10.06"]
[SourceVersion "1"]
[SourceVersionDate "2021.10.06"]
[SourceQuality "1"]

1. d4 Nf6 2. Nf3 c5 3. d5 e6 4. c4 exd5 5. cxd5 d6 6. Nc3 g6 7. g3 Bg7 8. Bg2 O-O 9. O-O Re8 10. Nd2 Nbd7 11. Nc4 Ne5 12. Qb3 Nxc4 13. Qxc4 a6 14. a4 Rb8 15. a5 b5 16. axb6 Qxb6 17. e4 Qb4 18. Qd3 Ng4 19. Ra4 Qb6 20. h3 Ne5 21. Qe2 c4 22. Rd1 Bd7 23. Ra2 Nd3 24. Rxd3 cxd3 25. Qxd3 Bb5 26. Qf3 Bc4 27. Ra3 Qc7 28. h4 Rb3 29. Rxb3 Bxb3 30. h5 Bc2 31. Qe3 f5 32. h6 Bf6 33. Bd2 Qc4 34. Qf4 Be5 35. Qh4 Qc7 36. exf5 Bxf5 37. Qa4 Qc8 38. Bf1 Bd7 39. Qa3 Qc5 40. Qxc5 dxc5 41. Bxa6 Rb8 42. Ne4 Bf5 43. Nxc5 Rxb2 44. Be3 Bd6 45. Kf1 Bg4 46. Bd3 Bf3 47. Be4 Bxc5 48. Bxf3 Bxe3 49. fxe3 Rh2 50. e4 Kf7 51. Bg2 Kf6 52. Kf2 Ke5 53. Kf3 Rxh6 54. Kg4 Rh2 55. Kf3 g5 56. Kf2 g4 57. Kg1 Rh6 58. Kf2 Kd4 59. Ke2 Ra6 60. Kf2 Ra2+ 61. Kg1 h5 62. Bh1 Ke3 63. e5 Ra1+ 64. Kg2 Rd1 65. Kh2 Kf2 66. Be4 Rg1 67. e6 Rxg3 0-1

[Event "Quebec op"]
[Site "Montreal CAN"]
[Date "2012.07.21"]
[Round "1"]
[White "Beaulieu, Pierre"]
[Black "Enkh-Amar, Galbadrakh"]
[Result "0-1"]
[WhiteElo "1901"]
[BlackElo "2105"]
[PlyCount "112"]
[GameId "2160767909441897"]
[EventDate "2012.07.21"]
[EventType "swiss"]
[EventRounds "9"]
[EventCountry "CAN"]
[SourceTitle "EXT 2022"]
[Source "ChessBase"]
[SourceDate "2021.10.06"]
[SourceVersion "1"]
[SourceVersionDate "2021.10.06"]
[SourceQuality "1"]

1. e4 c5 2. Nf3 d6 3. Bc4 Nf6 4. Nc3 e6 5. d4 cxd4 6. Nxd4 Be7 7. O-O O-O 8. Bb3 a6 9. Bg5 Nc6 10. Qd2 Na5 11. Rad1 Qc7 12. Rfe1 b5 13. f3 Nc4 14. Qc1 Bb7 15. Kh1 Rac8 16. Rd3 Qc5 17. Re2 Nxb2 18. Qxb2 Qxg5 19. Rf2 Qc5 20. Nd1 Qe5 21. Ne2 Qxb2 22. Nxb2 Nd7 23. c4 Nc5 24. Rd1 Bf6 25. Nd4 bxc4 26. Bxc4 d5 27. exd5 exd5 28. Bf1 g6 29. g3 Rc7 30. Rc2 Ne6 31. Rxc7 Nxc7 32. Na4 Re8 33. Nc5 Bc8 34. Nc6 Re3 35. Nb4 Rxf3 36. Nbxa6 Nxa6 37. Bxa6 Bf5 38. Rxd5 Rc3 39. Nd7 Bg5 40. Kg1 Rc1+ 41. Kf2 Rc2+ 42. Be2 Rxa2 43. Ne5 Be6 44. Rd6 Bf6 45. Nf3 Kg7 46. Rd2 Ra5 47. Kg2 h5 48. h3 Bf5 49. Nd4 Bxd4 50. Rxd4 Ra2 51. Kf2 Bxh3 52. Ke3 Ra3+ 53. Kf4 f6 54. g4 g5+ 55. Kf5 Ra5+ 56. Ke4 Bxg4 0-1

[Event "Quebec op"]
[Site "Montreal CAN"]
[Date "2012.07.21"]
[Round "1"]
[White "Berube, Antoine"]
[Black "Smith, Bryan G"]
[Result "1/2-1/2"]
[WhiteElo "2152"]
[BlackElo "2441"]
[PlyCount "141"]
[GameId "2160767909441898"]
[EventDate "2012.07.21"]
[EventType "swiss"]
[EventRounds "9"]
[EventCountry "CAN"]
[SourceTitle "CBM 149 Extra"]
[Source "ChessBase"]
[SourceDate "2012.08.24"]
[SourceVersion "1"]
[SourceVersionDate "2012.08.24"]
[SourceQuality "1"]

1. d4 Nf6 2. c4 e6 3. Nc3 Bb4 4. Nf3 b6 5. Bg5 Bb7 6. Nd2 h6 7. Bh4 Nc6 8. a3 Bxc3 9. bxc3 Ne7 10. Bxf6 gxf6 11. e4 f5 12. Bd3 d6 13. exf5 Nxf5 14. Bxf5 exf5 15. O-O Qg5 16. Re1+ Kd7 17. d5 Rag8 18. g3 h5 19. Nf3 Qg4 20. Nd4 f4 21. Re4 Qxd1+ 22. Rxd1 fxg3 23. fxg3 h4 24. Rf1 hxg3 25. Rxf7+ Kc8 26. h4 Kb8 27. Kg2 a6 28. a4 Ba8 29. Rf3 Rh5 30. Rxg3 Rgh8 31. Rgg4 Bb7 32. Kg3 R5h7 33. Rg5 Bc8 34. Ne6 Bd7 35. a5 bxa5 36. c5 dxc5 37. Nxc5 Bc8 38. c4 Rf7 39. h5 Rf1 40. Kg2 Ra1 41. Rh4 a4 42. Kh2 a3 43. Rg1 Ra2+ 44. Rg2 Rb2 45. Na4 Rxg2+ 46. Kxg2 Bf5 47. Nc3 Bb1 48. c5 a2 49. Ra4 Rxh5 50. Rxa6 Kb7 51. Ra5 Rf5 52. Nxa2 Bxa2 53. Rxa2 Rxd5 54. Kf3 Re5 55. Kf4 Re7 56. Kf5 Kc6 57. Rc2 Kd5 58. Kf4 Re4+ 59. Kf3 Rc4 60. Rd2+ Rd4 61. Rc2 Rc4 62. Rd2+ Kxc5 63. Ke3 Rc3+ 64. Ke2 Kc4 65. Rd7 c5 66. Kd2 Rh3 67. Rg7 Kb4 68. Rb7+ Kc4 69. Rg7 Rh2+ 70. Kc1 Rh3 71. Kc2 1/2-1/2

[Event "Quebec op"]
[Site "Montreal CAN"]
[Date "2012.07.21"]
[Round "1"]
[White "Bojkov, Dejan"]
[Black "Kleinman, Michael"]
[Result "1/2-1/2"]
[WhiteElo "2556"]
[BlackElo "2293"]
[PlyCount "71"]
[GameId "2160767909441899"]
[EventDate "2012.07.21"]
[EventType "swiss"]
[EventRounds "9"]
[EventCountry "CAN"]
[SourceTitle "CBM 149 Extra"]
[Source "ChessBase"]
[SourceDate "2012.08.24"]
[SourceVersion "1"]
[SourceVersionDate "2012.08.24"]
[SourceQuality "1"]

1. e4 c5 2. Nf3 e6 3. d3 Nc6 4. g3 g6 5. Bg2 Bg7 6. O-O Nge7 7. Re1 O-O 8. Nbd2 d5 9. h4 b6 10. e5 Qc7 11. Qe2 f6 12. exf6 Bxf6 13. c3 Bd7 14. Nf1 Bg7 15. N1h2 e5 16. h5 Rae8 17. hxg6 Nxg6 18. Nh4 Qd6 19. Nxg6 hxg6 20. Bg5 Nd8 21. c4 Bc6 22. Bxd8 Rxd8 23. Ng4 dxc4 24. Bxc6 Qxc6 25. dxc4 e4 26. Qxe4 Qxe4 27. Rxe4 Bxb2 28. Rae1 Kg7 29. Re6 Rd2 30. Rc6 Bd4 31. Rc7+ Rf7 32. Ree7 Bxf2+ 33. Nxf2 Rdxf2 34. Rxa7 Rf1+ 35. Kg2 R1f2+ 36. Kg1 1/2-1/2

[Event "Quebec op"]
[Site "Montreal CAN"]
[Date "2012.07.21"]
[Round "1"]
[White "Carrier, Claude"]
[Black "Lebeau, Gilbert"]
[Result "1-0"]
[WhiteElo "2197"]
[BlackElo "1978"]
[PlyCount "43"]
[GameId "2160767909441900"]
[EventDate "2012.07.21"]
[EventType "swiss"]
[EventRounds "9"]
[EventCountry "CAN"]
[SourceTitle "EXT 2022"]
[Source "ChessBase"]
[SourceDate "2021.10.06"]
[SourceVersion "1"]
[SourceVersionDate "2021.10.06"]
[SourceQuality "1"]

1. e4 e5 2. Nf3 Nc6 3. Bb5 a6 4. Ba4 Nf6 5. O-O Be7 6. Re1 b5 7. Bb3 d6 8. c3 O-O 9. h3 Nb8 10. d4 Nbd7 11. Nbd2 Re8 12. Bxf7+ Kh8 13. Ng5 Nf8 14. Bxe8 Qxe8 15. Qb3 h6 16. dxe5 dxe5 17. Nf7+ Kh7 18. Nxe5 Qh5 19. Ndf3 Be6 20. Qc2 Ng6 21. Nxg6 Qxg6 22. Nh4 1-0

[Event "Quebec op"]
[Site "Montreal CAN"]
[Date "2012.07.21"]
[Round "1"]
[White "Casareno, Erwin"]
[Black "Gauthier, Denis"]
[Result "1/2-1/2"]
[WhiteElo "2246"]
[BlackElo "1987"]
[PlyCount "85"]
[GameId "2160767909441901"]
[EventDate "2012.07.21"]
[EventType "swiss"]
[EventRounds "9"]
[EventCountry "CAN"]
[SourceTitle "EXT 2022"]
[Source "ChessBase"]
[SourceDate "2021.10.06"]
[SourceVersion "1"]
[SourceVersionDate "2021.10.06"]
[SourceQuality "1"]

1. e4 c5 2. d4 cxd4 3. Qxd4 Nc6 4. Qd2 Nf6 5. Nc3 d6 6. Nf3 e6 7. Bc4 Be7 8. O-O O-O 9. Rd1 a6 10. a4 Qc7 11. Qe2 b6 12. Bf4 Ne5 13. Nd2 Bb7 14. Bb3 Rac8 15. h3 Kh8 16. Be3 Ned7 17. Bf4 Ne5 18. Bg5 h6 19. Be3 Ned7 20. Bd4 Nc5 21. e5 Qc6 22. f3 dxe5 23. Bxe5 Rfd8 24. Nc4 Nxb3 25. cxb3 b5 26. axb5 axb5 27. Bxf6 Bxf6 28. Rxd8+ Rxd8 29. Na5 Qb6+ 30. Kh1 b4 31. Nxb7 Qxb7 32. Ne4 Be5 33. Re1 Qd5 34. Ng5 hxg5 35. Qxe5 Qxe5 36. Rxe5 Rd3 37. Kg1 Rxb3 38. Re2 Kg8 39. Kf2 Kf8 40. Ke1 Rd3 41. Rd2 Re3+ 42. Re2 Rd3 43. Rd2 1/2-1/2

[Event "Quebec op"]
[Site "Montreal CAN"]
[Date "2012.07.21"]
[Round "1"]
[White "De Lagrave, Sylvain"]
[Black "Chiku-Ratte, Olivier-Kenta"]
[Result "0-1"]
[WhiteElo "1970"]
[BlackElo "2196"]
[PlyCount "116"]
[GameId "2160767909441902"]
[EventDate "2012.07.21"]
[EventType "swiss"]
[EventRounds "9"]
[EventCountry "CAN"]
[SourceTitle "EXT 2022"]
[Source "ChessBase"]
[SourceDate "2021.10.06"]
[SourceVersion "1"]
[SourceVersionDate "2021.10.06"]
[SourceQuality "1"]

1. e4 c5 2. Nf3 d6 3. d4 cxd4 4. Qxd4 a6 5. c4 Nc6 6. Qd2 g6 7. b3 Nf6 8. Nc3 Bg7 9. Bb2 O-O 10. Be2 Qa5 11. O-O Nxe4 12. Nxe4 Qxd2 13. Nexd2 Bxb2 14. Rab1 Bg7 15. h3 Rb8 16. Rbe1 Bd7 17. Bd3 b5 18. Be4 Ne5 19. Nxe5 Bxe5 20. Nf3 Bf6 21. Bd3 Rfc8 22. Nd2 bxc4 23. Bxc4 Bb5 24. Bxb5 axb5 25. Ne4 Bg7 26. Re2 d5 27. Ng3 e6 28. Rd1 Rc3 29. Nf1 Rbc8 30. g3 d4 31. Kg2 Rc2 32. Rxc2 Rxc2 33. Rd2 Rc1 34. g4 e5 35. Ng3 Bh6 36. Rd3 Rc2 37. a4 bxa4 38. bxa4 Ra2 39. Ne4 Bf4 40. g5 h6 41. h4 Rxa4 42. Kf3 Kf8 43. Rb3 Ra7 44. Nf6 hxg5 45. hxg5 Ra8 46. Kg4 Rd8 47. Rd3 Ke7 48. Ne4 Ke6 49. Ra3 Kd5 50. Kf3 Kc4 51. Ra7 d3 52. Rc7+ Kd4 53. Rxf7 d2 54. Nxd2 Bxd2 55. Rf6 Bxg5 56. Rxg6 Rf8+ 57. Ke2 Bh4 58. Rg4+ Rf4 0-1

[Event "Quebec op"]
[Site "Montreal CAN"]
[Date "2012.07.21"]
[Round "1"]
[White "Gagnon, Serge"]
[Black "Gedajlovic, Max"]
[Result "1/2-1/2"]
[WhiteElo "2027"]
[BlackElo "1817"]
[PlyCount "102"]
[GameId "2160767909441903"]
[EventDate "2012.07.21"]
[EventType "swiss"]
[EventRounds "9"]
[EventCountry "CAN"]
[SourceTitle "EXT 2022"]
[Source "ChessBase"]
[SourceDate "2021.10.06"]
[SourceVersion "1"]
[SourceVersionDate "2021.10.06"]
[SourceQuality "1"]

1. d4 Nf6 2. c4 g6 3. Nc3 Bg7 4. e4 d6 5. Nf3 O-O 6. Be2 e5 7. O-O Nc6 8. d5 Ne7 9. Ne1 Nd7 10. Be3 f5 11. f3 Nf6 12. Nd3 f4 13. Bf2 b6 14. b4 g5 15. c5 h5 16. Rc1 Rf7 17. a4 g4 18. Kh1 Bh6 19. Rc2 Rg7 20. Nb5 g3 21. Bg1 Bh3 22. Ne1 Bc8 23. Qa1 h4 24. a5 h3 25. cxd6 cxd6 26. Bd3 gxh2 27. Kxh2 Qd7 28. Rc7 Qe8 29. Rxc8 Nxc8 30. gxh3 Qg6 31. Bf2 Qe8 32. axb6 Qd7 33. Nc7 Rb8 34. Bb5 Qe7 35. Ne6 Nxb6 36. Nxg7 Bxg7 37. Bc6 Nc4 38. Qc3 Ne3 39. Rg1 Nd1 40. Qc2 Nxf2 41. Qxf2 Rxb4 42. Nd3 Rb6 43. Ra1 Nh5 44. Nb2 Bf6 45. Qg1+ Ng3 46. Nc4 Rb4 47. Ra4 Rxa4 48. Bxa4 Qc7 49. Bc6 Qb8 50. Ne3 Qb2+ 51. Qg2 Qxg2+ 1/2-1/2

[Event "Quebec op"]
[Site "Montreal CAN"]
[Date "2012.07.21"]
[Round "1"]
[White "Gerzhoy, Leonid"]
[Black "Humphreys, Michael"]
[Result "1-0"]
[WhiteElo "2459"]
[BlackElo "2179"]
[PlyCount "69"]
[GameId "2160767909441904"]
[EventDate "2012.07.21"]
[EventType "swiss"]
[EventRounds "9"]
[EventCountry "CAN"]
[SourceTitle "CBM 149 Extra"]
[Source "ChessBase"]
[SourceDate "2012.08.24"]
[SourceVersion "1"]
[SourceVersionDate "2012.08.24"]
[SourceQuality "1"]

1. d4 d5 2. c4 c6 3. Nf3 Nf6 4. Nc3 dxc4 5. a4 Bf5 6. Ne5 Nbd7 7. Nxc4 Qc7 8. g3 e5 9. dxe5 Nxe5 10. Bf4 Nfd7 11. Bg2 g5 12. Ne3 gxf4 13. Nxf5 O-O-O 14. O-O fxg3 15. hxg3 h5 16. Rc1 Nc5 17. Nd5 cxd5 18. b4 Nc6 19. bxc5 Qe5 20. Qd3 Kb8 21. a5 Nxa5 22. e4 d4 23. c6 Nxc6 24. Rxc6 bxc6 25. Rb1+ Ka8 26. Qa6 Qc7 27. e5 Rc8 28. Nxd4 Rh6 29. e6 Rxe6 30. Nxe6 fxe6 31. Rc1 Kb8 32. Rb1+ Ka8 33. Rb6 Qd7 34. Rxc6 Kb8 35. Qb5+ 1-0

[Event "Quebec op"]
[Site "Montreal CAN"]
[Date "2012.07.21"]
[Round "1"]
[White "Gilbert, Erick"]
[Black "Abreu Cordero, Jose"]
[Result "0-1"]
[WhiteElo "1808"]
[BlackElo "2010"]
[PlyCount "102"]
[GameId "2160767909441905"]
[EventDate "2012.07.21"]
[EventType "swiss"]
[EventRounds "9"]
[EventCountry "CAN"]
[SourceTitle "EXT 2022"]
[Source "ChessBase"]
[SourceDate "2021.10.06"]
[SourceVersion "1"]
[SourceVersionDate "2021.10.06"]
[SourceQuality "1"]

1. Nf3 c5 2. c4 Nf6 3. Nc3 Nc6 4. e3 d5 5. cxd5 Nxd5 6. Bb5 e6 7. Ne5 Qc7 8. Nxc6 bxc6 9. Be2 e5 10. O-O Be6 11. Nxd5 Bxd5 12. d3 f5 13. Qa4 Be6 14. Bd2 Bd6 15. Ba5 Qb7 16. Bh5+ g6 17. Bf3 Rc8 18. Bc3 O-O 19. d4 cxd4 20. exd4 e4 21. Be2 Qc7 22. g3 Bd5 23. Bb4 Rb8 24. Bxd6 Qxd6 25. Qc2 Qb4 26. b3 Qxd4 27. Rfd1 Qb4 28. Rac1 Rfd8 29. Qc5 Qxc5 30. Rxc5 Kf7 31. Ra5 Rb7 32. Rc1 Ke6 33. Kf1 g5 34. Bc4 Rd6 35. Ba6 Rc7 36. Ke2 Ke5 37. Rac5 f4 38. Bc4 Rcd7 39. Ba6 Rh6 40. h4 fxg3 41. fxg3 gxh4 42. Rh1 Kd4 43. Rcc1 Rg7 44. Rcd1+ Ke5 45. gxh4 Rg2+ 46. Ke3 Rxa2 47. Bc4 Bxc4 48. bxc4 Ra3+ 49. Ke2 Rg6 50. Rdg1 Kd4 51. Rxg6 hxg6 0-1